000 01197cam a2200313 a 4500
999 _c127472
_d127472
001 87624
003 ARRUPE
005 20180124091551.0
008 951024s1994 sz a b 000 0 fre d
010 _a 95217608
020 _a2827106809
035 _a(OCoLC)31796865
040 _aNN
_cNN
_dFU
_dDLC
042 _alccopycat
043 _af------
050 0 0 _aGN645
_b.T74 1994
100 2 _aTsangu Makumba, Marie Viviane.
_938817
245 1 0 _aPour une introduction à l'africanologie :
_bune contribution à la psychologie culturelle de la néoafricanité /
_cMarie Viviane Tsangu Makumba.
260 _aFribourg, Suisse :
_bEditions universitaires,
_cc1994.
300 _a444 p. :
_bill. ;
_c22 cm.
504 _aIncludes bibliographical references (p. 435-438).
650 0 _aEthnophilosophy
_zAfrica.
_938818
650 0 _aEthnopsychology
_zAfrica.
_938819
650 0 _aNational characteristics, African.
_9805
651 0 _aAfrica
_xReligion.
_938820
651 0 _aAfrica
_xSocial life and customs.
_931601
906 _a7
_bcbc
_ccopycat
_d3
_encip
_f19
_gy-gencatlg
942 _2lcc
_cMONOGRAPH